| 000 | 00612nam a22001697a 4500 | ||
|---|---|---|---|
| 005 | 20251108165804.0 | ||
| 008 | 250721s1987 xx 000 0 ara d | ||
| 082 | 1 | 4 | _aم/418.020956/دلي |
| 245 | 1 | 0 | _aدليل المترجمين و مؤسسات الترجمة و النشر في الوطن العربي / |
| 264 | 1 |
_aتونس : _bالمنظمة العربية للتربية والثقافة والعلوم - أدارة الثقافة، _c1987. |
|
| 300 | _a734ص | ||
| 650 | 1 | 7 | _aالترجمة |
| 650 | 1 | 7 | _aالأدلة |
| 650 | 1 | 7 | _aالبلدان العربية |
| 942 |
_2ddc _cREF |
||
| 999 |
_c31321 _d31321 |
||